World Trade Organization (WTO) : annual report 2012.
| Corporate Author: | |
|---|---|
| Format: | Book |
| Published: |
Geneva:
WTO,
2012.
|
| Subjects: |
| LEADER | 00476cam a2200145 7i4500 | ||
|---|---|---|---|
| 001 | 0000028073 | ||
| 005 | 20120822090000.0 | ||
| 020 | 0 | 0 | |a 9789287038258 |
| 090 | 0 | 0 | |a I 382.1042 |b WOR |
| 110 | 2 | 0 | |a World Trade Organization (WTO) |
| 245 | 2 | 0 | |a World Trade Organization (WTO) : |b annual report 2012. |
| 260 | 0 | 0 | |a Geneva: |b WTO, |c 2012. |
| 300 | # | # | |a 156 p. |
| 650 | 0 | 0 | |a World Trade Organization (WTO) -- |x Annual report -- |y 2012 |
| 999 | |a 0000030818 |b Book |c International |e Business Information Centre | ||


